|
|
|
|
| LEADER |
00000nam0a2200000 4500 |
| 001 |
294077 |
| 005 |
20231102000646.0 |
| 020 |
|
|
|a RU
|b 84-14658
|
| 035 |
|
|
|a (RuTPU)RU\TPU\book\319127
|
| 090 |
|
|
|a 294077
|
| 100 |
|
|
|a 20150508d1984 km y0rusy5003 ca
|
| 101 |
0 |
|
|a rus
|
| 102 |
|
|
|a RU
|
| 105 |
|
|
|a c z 001zy
|
| 200 |
1 |
|
|a Эстетика и художественная культура социализма
|e избранные труды
|f Г. З. Апресян
|g [предисл. Н. И. Киященко, Н. Л. Лейзерова]
|
| 210 |
|
|
|a Москва
|c Изд-во МГУ
|d 1984
|
| 215 |
|
|
|a 327 с.
|c портр.
|
| 320 |
|
|
|a Библиография в ссылках.
|
| 606 |
1 |
|
|a Эстетика
|x История
|y СССР
|2 stltpush
|3 (RuTPU)RU\TPU\subj\21428
|9 46426
|
| 610 |
1 |
|
|a марксистско-ленинская эстетика
|
| 610 |
1 |
|
|a художественная культура
|
| 610 |
1 |
|
|a духовная культура
|
| 610 |
1 |
|
|a ленинская концепция
|
| 610 |
1 |
|
|a эстетическое воспитание
|
| 610 |
1 |
|
|a эстетическое сознание
|
| 610 |
1 |
|
|a социалистическое общество
|
| 610 |
1 |
|
|a теория отображений
|
| 610 |
1 |
|
|a искусство
|
| 686 |
|
|
|a Ю83
|2 rubbk
|
| 700 |
|
1 |
|a Апресян
|b Г. З.
|g Грант Захарович
|4 070
|
| 801 |
|
0 |
|a RU
|b RuMRKP
|c 19950704
|g psbo
|
| 801 |
|
1 |
|a RU
|b 63413507
|c 20150508
|
| 801 |
|
2 |
|a RU
|b 63413507
|c 20181122
|g RCR
|
| 942 |
|
|
|c BK
|